College Basketball Starters (2024-2025) - Statistics

General Stats
  • This quiz has been taken 542 times
  • The average score is 92 of 395
Answer Stats
Answer % Correct
Cooper Flagg
87%
Braden Smith
74%
Deivon Smith
72%
RJ Smith
72%
Tre Johnson
69%
Kobe Johnson
68%
Kon Knueppel
68%
RJ Davis
68%
Brandon Johnson
67%
Darius Johnson
67%
Denver Jones
67%
Meechie Johnson Jr.
67%
Puff Johnson
67%
Samson Johnson
67%
Sion James
67%
Tyler Johnson
67%
Jizzle James
66%
Kameron Jones
66%
Max Jones
66%
Davonte Davis
65%
Dre Davis
65%
Jamichael Davis
65%
Tae Davis
65%
Tyrese Proctor
63%
Brice Williams
61%
Khaman Maluach
61%
Amari Williams
60%
Darrion Williams
60%
Jeremiah Williams
60%
Johni Broome
58%
Walter Clayton Jr.
58%
Airious Bailey
56%
Dji Bailey
56%
Dylan Harper
56%
Mark Sears
56%
Jordan Sears
55%
Derik Queen
54%
Hunter Dickinson
52%
Ian Jackson
52%
Caleb Love
51%
Danny Wolf
51%
Jeremiah Fears
51%
Jeremy Fears Jr.
51%
Ryan Kalkbrenner
51%
Ben Gold
50%
Chandler Jackson
50%
Dishon Jackson
50%
Andrew Carr
49%
Elliot Cadeau
49%
Solomon Ball
49%
Will Richard
49%
Alijah Martin
48%
Vladislav Goldin
48%
Jamiya Neal
47%
Grant Nelson
45%
Josh Dix
45%
Chase Hunter
44%
Liam McNeeley
44%
Wade Taylor IV
44%
Chucky Hepburn
43%
John Tonje
43%
JT Toppin
43%
RJ Luis
43%
Zakai Zeigler
43%
Dillon Mitchell
42%
Fletcher Loyer
42%
Frank Mitchell
42%
Jayden Taylor
42%
Mark Mitchell
42%
Stevie Mitchell
42%
Dajuan Harris
41%
LJ Cryer
41%
Trey Kaufman-Renn
41%
Alex Condon
40%
Claudell Harris Jr.
40%
Malik Dia
40%
Sencire Harris
40%
Steven Ashworth
40%
Tyler Harris
40%
V.J. Edgecombe
40%
Chad Baker-Mazara
38%
Tre Donaldson
38%
Alex Karaban
37%
Asa Newell
37%
Chaz Lanier
37%
Eric Dixon
37%
KJ Adams Jr.
37%
Boogie Fland
36%
Coleman Hawkins
36%
Elijah Hawkins
36%
Julian Reese
36%
Tomislav Ivisic
36%
Anthony Robinson II
35%
Dawson Garcia
35%
Jaxson Robinson
35%
J'Wan Roberts
35%
Lamont Butler
35%
Myles Rice
35%
Oumar Ballo
35%
Rodney Rice
35%
Andrej Stojakovic
33%
BJ Freeman
33%
Donnie Freeman
33%
Hunter Sallis
33%
Jalen Washington
33%
Kadary Richmond
33%
Owen Freeman
33%
Solomon Washington
33%
Tamin Lipsey
33%
Ja'Kobi Gillespie
32%
Dion Brown
31%
D.J. Wagner
31%
Emanuel Sharp
31%
Jackson Shelstad
31%
Jeremy Roach
31%
Malik Mack
31%
B.J. Edwards
30%
Bruce Thornton
30%
Josh Hubbard
30%
Milos Uzan
30%
Nathan Bittle
30%
Otega Oweh
30%
Seth Trimble
30%
Terrence Edwards
30%
Zeke Mayo
30%
Dallin Hall
29%
Keyshawn Hall
29%
Kylan Boswell
29%
Trazarien White
29%
Tre White
29%
Dylan Cardwell
28%
Elijah Saunders
28%
Jacobi Wright
28%
Jaden Akins
28%
Jaylen Murray
28%
Payton Sandfort
28%
Richie Saunders
28%
Adam Miller
27%
Chas Kelley III
27%
Egor Demin
27%
Joshua Jefferson
27%
Keshon Gilbert
27%
Kevin Miller
27%
Miles Kelly
27%
Nijel Pack
27%
Tucker DeVries
27%
Brooks Barnhizer
26%
Javon Small
26%
Kasparas Jakucionis
26%
Labaron Philon
26%
Norchad Omier
26%
Saint Thomas
26%
Sean Pedulla
26%
Ace Baldwin Jr.
25%
Ian Schieffelin
25%
Jamarii Thomas
25%
John Blackwell
25%
Jaxon Kohler
24%
Joseph Tugler
24%
Mackenzie Mgbako
24%
Milan Momcilovic
24%
Nick Martinelli
24%
Roddy Gayle Jr.
24%
Collin Murray-Boyles
23%
Hassan Diarra
23%
Karter Knox
23%
Markus Burton
23%
Maxime Raynaud
23%
Tre Holloman
23%
Blue Cain
22%
Camryn Carter
21%
Clifford Omoruyi
21%
Felix Okpara
21%
Jonas Aidoo
21%
Malik Reneau
21%
Steven Crowl
21%
Zach Freemantle
21%
Adou Thiero
20%
A.J. Hoggard
20%
Igor Milicic Jr.
20%
Jahmai Mashack
20%
Jamir Watkins
20%
Nimari Burnett
20%
Dallan Coleman
19%
Great Osobor
19%
Henry Coleman III
19%
Isaiah Coleman
19%
Jaden Bradley
19%
Jalon Moore
19%
Rueben Chinyelu
19%
Shakeel Moore
19%
Skyy Clark
19%
Tamar Bates
19%
Zuby Ejiofor
19%
David Joplin
18%
Isaac McKneely
18%
Jaland Lowe
18%
Marcus Foster
18%
Nolan Winter
18%
Selton Miguel
18%
Thomas Sorber
18%
Tony Perkins
18%
Arthur Kaluma
17%
Desmond Claude
17%
Sean Stewart
17%
Aaron Scott
16%
Braeden Shrewsberry
16%
Camden Heide
16%
Dug McDaniel
16%
James Scott
16%
Jarin Stevenson
16%
Jayden Quaintance
16%
Max Klesmit
16%
Pop Isaacs
16%
Silas Demary Jr.
16%
TJ Bamba
16%
Wooga Poplar
16%
Ben Humrichous
15%
Donald Hand Jr.
15%
Efton Reid
15%
JJ Starling
15%
Naithan George
15%
Viktor Lakhin
15%
Brock Harding
14%
Bryce Thompson
14%
Chase Ross
14%
Eddie Lampkin Jr.
14%
Gabe Madsen
14%
Guillermo Diaz Graham
14%
Jordan Pope
14%
Kadin Shedrick
14%
Myles Colvin
14%
Ryan Conwell
14%
Tramon Mark
14%
Trey Galloway
14%
Tyler Nickel
14%
Devin Royal
13%
Jackson McAndrew
13%
Juwan Gary
13%
Szymon Zapala
13%
Tobe Awaka
13%
Yohan Traore
13%
Zhuric Phelps
13%
Anthony Dell'Orso
12%
Cameron Matthews
12%
Chauncey Wiggins
12%
Dailyn Swain
12%
Daimion Collins
12%
Duke Miles
12%
Jaeden Zackery
12%
Keba Keita
12%
Matthew Cleveland
12%
Micah Peavy
12%
Pierre Brooks
12%
Trey Townsend
12%
Ty Berry
12%
Wesley Yates III
12%
J'Vonne Hadley
11%
Marcus Hill
11%
Matthew Murrell
11%
Baye Ndongo
10%
Cameron Hildreth
10%
Chance McMillian
10%
Jayden Epps
10%
Jaylen Blakes
10%
Mady Sissoko
10%
Micah Parrish
10%
Michael O'Connell
10%
Noah Waterman
10%
Tyler Bilodeau
10%
Brandon Angel
9%
Brandon Huntley-Hatfield
9%
Daniel Skillings Jr.
9%
Dylan Andrews
9%
Eric Dailey Jr.
9%
Hayden Hefner
9%
Jahmyl Telfort
9%
Patrick McCaffery
9%
RJ Melendez
9%
Taylor Bol Bowen
9%
Amani Hansberry
8%
Conor Enright
8%
Damian Dunn
8%
Devin McGlockton
8%
Finley Bizjack
8%
Ishmael Leggett
8%
Jayden Nunn
8%
Jayden Pierre
8%
Jhamir Brickus
8%
Kerwin Walton
8%
Matthew Nicholson
8%
Nick Pringle
8%
Rollie Worster
8%
Trent Pierce
8%
Tyrin Lawrence
8%
Alston Mason
7%
Andrew Rohde
7%
Bensley Joseph
7%
Braxton Meah
7%
Brendan Hausen
7%
Chris Bell
7%
Dai Dai Ames
7%
David N'Guessan
7%
Dayvion McKnight
7%
Dontrez Styles
7%
Ernest Udeh Jr.
7%
Jalen Leach
7%
Jordan Longino
7%
Joshua Ola-Joseph
7%
Ladji Dembele
7%
Layden Blocker
7%
Lynn Kidd
7%
Malique Ewin
7%
Matt Allocco
7%
Mekhi Mason
7%
Michael Nwoko
7%
Moustapha Thiam
7%
Oziyah Sellers
7%
RJ Godfrey
7%
Sam Godwin
7%
Aziz Bandaogo
6%
Blake Buchanan
6%
Corey Floyd Jr.
6%
Kobe Elvis
6%
Lance Terry
6%
Robert Jennings
6%
Simas Lukosius
6%
Yanic Konan Niederhauser
6%
Zach Hicks
6%
A.J. Staton-McCray
5%
Basheer Jihad
5%
Cameron Corhen
5%
Chad Venning
5%
Chaunce Jenkins
5%
Enoch Boakye
5%
Isaiah Rivera
5%
Jaden Schutt
5%
Jordan Ivy-Curry
5%
Josh Cohen
5%
Kanon Catchings
5%
Kebba Njie
5%
Lu'Cye Patterson
5%
Matt Cross
5%
Noah Reynolds
5%
Toibu Lawal
5%
Berke Buyuktuncel
4%
Brennan Rigsby
4%
Chris Manon
4%
Corey Chest
4%
Dylan Addae-Wusu
4%
Elijah Malone
4%
Elijah Strong
4%
Emmanuel Ogbole
4%
Ezra Ausar
4%
Freddie Dilione V
4%
Jadrian Tracey
4%
Josh Ojianwuna
4%
Jovan Blacksher Jr.
4%
Julian Hammond III
4%
Mylyjael Poteat
4%
Prince Aligbe
4%
Rytis Petraitis
4%
Samet Yigitoglu
4%
Toby Okani
4%
Tre'Von Spillers
4%
Wesley Cardet Jr.
4%
Abou Ousmane
3%
Brandon Rechsteiner
3%
Chibuzo Agbo
3%
David Punch
3%
David Skogman
3%
Drew Fielder
3%
Jaeden Mustaf
3%
Jaquan Carlos
3%
Lawson Lovering
3%
Mike Sharavjamts
3%
Myles Stute
3%
Ryan Agarwal
3%
Vasean Allette
3%
Andrej Jakimovski
2%
Assane Diop
2%
Augusto Cassia
2%
Bostyn Holt
2%
Davin Cosby Jr.
2%
Femi Odukale
2%
Godswill Erheriene
2%
Grant Huffman
2%
Jake Wahlin
2%
Khalil Brantley
2%
Oswin Erhunmwunse
2%
Troy D'Amico
2%
Tyree Ihenacho
2%
Wilhelm Breidenbach
2%
Aidan Cammann
1%
Ryan Mutombo
1%
No matching quizzes found
Score Distribution
Percent of People with Each Score
Percentile by Number Answered
Your Score History
You have not taken this quiz